África, su reparto y colonización (Record no. 23208)

MARC details
000 -LEADER
campo de control de longitud fija 00796nam a2200205 i 4500
001 - NÚMERO DE CONTROL
campo de control 23208
003 - IDENTIFICADOR DE NÚMERO DE CONTROL
campo de control ES-MaACL
005 - FECHA Y HORA DE LA ÚLTIMA TRANSACCIÓN
campo de control 20260209164514.0
007 - CAMPO FIJO DE DESCRIPCIÓN FÍSICA--INFORMACIÓN GENERAL
campo de control de longitud fija t|
008 - DATOS DE LONGITUD FIJA--INFORMACIÓN GENERAL
campo de control de longitud fija 021209s1891 sp ||||1| spa d
100 1# - ENTRADA PRINCIPAL--NOMBRE DE PERSONA
Nombre de persona Alzola y Minondo, Pablo de,
Fechas asociadas al nombre 1841-1912
9 (RLIN) 21064
245 10 - MENCIÓN DEL TÍTULO
Título África, su reparto y colonización
Resto del título : conferencia pronunciada en la Sociedad "El Sitio", el 6 de octubre de 1891 /
Mención de responsabilidad, etc. Pablo de Alzola y Minondo.
260 ## - PUBLICACIÓN, DISTRIBUCIÓN, ETC.
Lugar de publicación, distribución, etc. Bilbao :
Nombre del editor, distribuidor, etc. [Sociedad El Sitio],
Fecha de publicación, distribución, etc. 1891 (
Fabricante Imp. de la Casa de Misericordia)
300 ## - DESCRIPCIÓN FÍSICA
Extensión 96 p. ;
Dimensiones 19 cm.
594 ## - Nota al título y mención de responsabilidad
Nota al título y mención de responsabilidad Conferencias de El Sitio, inauguración de la 2ª serie de 1891.
651 #7 - PUNTO DE ACCESO ADICIONAL DE MATERIA--NOMBRE GEOGRÁFICO
Nombre geográfico África-
Subdivisión general Colonización-
Subdivisión cronológica S.XIX
Fuente del encabezamiento o término
9 (RLIN) 145960
710 2# - ENTRADA AGREGADA--NOMBRE DE ENTIDAD CORPORATIVA
Nombre de entidad corporativa o nombre de jurisdicción como elemento de entrada Sociedad "El Sitio"
9 (RLIN) 6704
852 ## - LOCALIZACIÓN
Ubicación ES-MaACL
Número de control de estantería T-576-F-6
Holdings
Estatus retirado Estado de pérdida Estado de daño No para préstamo Colección Biblioteca de origen Biblioteca actual Ubicación en estantería Fecha de adquisición Fuente de adquisición Total de préstamos Signatura topográfica completa Código de barras Visto por última vez Precio de reemplazo Tipo de ítem Koha
        Colección de folletos Biblioteca del Ateneo de Madrid Biblioteca del Ateneo de Madrid Depósito folletos 17/01/2008     T-576-F-6 1023910 23/02/2023 23/02/2023 Folleto